| 000 | 00645nam a2200229 4500 | ||
|---|---|---|---|
| 005 | 20251008073824.0 | ||
| 020 |
_a9780706999280 _cTZs 39,200/- |
||
| 040 |
_aMCCL _beng. _eAACR 2nd.ed. rev. |
||
| 082 | _a651.3 ARO | ||
| 100 | _a Arora, S. P | ||
| 245 |
_aOffice organisation and management _c/ S. P. Arora |
||
| 250 | _a2nd. rev. ed | ||
| 260 |
_aNew Delhi : _bVikas Publishing House, _c[1980] |
||
| 300 |
_ax, 570 p.; _bill.; _c 22 cm |
||
| 504 | _aIncludes index | ||
| 546 | _aeng. | ||
| 650 | _aOffice layout | ||
| 650 | _aOffice management | ||
| 650 | _aOffice equipment and supplies | ||
| 650 | _aPersonnel management | ||
| 942 | _cBK | ||
| 999 |
_c12284 _d12284 |
||